Picture Click Quiz - Select Disney Sidekicks #2 - Statistics

General Stats
  • This quiz has been taken 168 times
  • The average score is 23 of 30
Answer Stats
Hint Explanation Answer % Correct
Sebastian From The Little Mermaid
Sebastian
92%
Piglet From Winnie the Pooh
Piglet
91%
Grumpy From Snow White
Grumpy
88%
Cheshire Cat From Alice in Wonderland
Cheshire Cat
86%
Pumbaa From The Lion King
Pumbaa
86%
Baymax From Big Hero 6
Baymax
86%
Lumiere From Beauty and the Beast
Lumiere
86%
Sneezy From Snow White
Sneezy
85%
Tigger From Winnie the Pooh
Tigger
85%
Timon From The Lion King
Timon
84%
Rajah From Aladdin
Rajah
83%
Abu From Aladdin
Abu
83%
Chip From Beauty and the Beast
Chip
81%
Mushu From Mulan
Mushu
80%
Happy From Snow White
Happy
79%
Zazu From The Lion King
Zazu
78%
Marie From The Aristocats
Marie
78%
Doc From Snow White
Doc
77%
Vanellope von Schweetz From Wreck-It Ralph
Vanellope von Schweetz
77%
Cogsworth From Beauty and the Beast
Cogsworth
76%
Flora From Sleeping Beauty
Flora
76%
Cri-Kee From Mulan
Cri-Kee
73%
Lucifer From Cinderella
Lucifer
70%
Sour Bill From Wreck-It Ralph
Sour Bill
70%
Iago From Aladdin
Iago
67%
Pua From Moana
Pua
66%
Figaro From Pinocchio
Figaro
65%
Phil From Hercules
Phil
63%
Pain From Hercules
Pain
63%
Jaq From Cinderella
Jaq
56%
No matching quizzes found
Score Distribution
Percent of People with Each Score
Percentile by Number Answered
Your Score History
You have not taken this quiz